[Event "Bul champseniors 2011"]
[Site "?"]
[Date "2011.05.15"]
[Round "3.9"]
[White "Andreev, Dobrotich"]
[Black "Ivanov, Dimitar"]
[Result "1-0"]
[WhiteElo "2065"]
[BlackElo "1966"]
[PlyCount "71"]
[EventDate "2011.05.15"]
[SourceDate "2011.05.15"]

1. e4 e5 2. Nf3 Nc6 3. Bb5 a6 4. Bxc6 dxc6 5. Nc3 Bg4 6. h3 Bxf3 7. Qxf3 Nf6 8.
d3 Qd6 9. Be3 Be7 10. O-O-O c5 11. g4 h6 12. h4 Qe6 13. Nd5 Nxd5 14. exd5 Qf6
15. Qxf6 gxf6 16. h5 O-O-O 17. c4 Rhg8 18. Rdg1 Kd7 19. Kd2 Bd6 20. f3 b5 21.
b3 Rb8 22. Rb1 c6 23. dxc6+ Kxc6 24. Ke2 Kd7 25. Rhc1 b4 26. Ra1 Ke6 27. a3
bxa3 28. Rxa3 Rb6 29. Rca1 Kd7 30. R1a2 Rgb8 31. Bxh6 Rxb3 32. Rxb3 Rxb3 33.
Rxa6 Rb2+ 34. Ke3 Rh2 35. Ke4 Kc7 36. Kd5 1-0

[Event "Bul champseniors 2011"]
[Site "?"]
[Date "2011.05.15"]
[Round "3.12"]
[White "Dimitrov, Notyo"]
[Black "Atanasov, Stoyan"]
[Result "1-0"]
[WhiteElo "1791"]
[BlackElo "1865"]
[PlyCount "55"]
[EventDate "2011.05.15"]
[SourceDate "2011.05.15"]

1. d4 d6 2. c4 g6 3. g3 Bg7 4. Bg2 Nd7 5. Nf3 e5 6. Nc3 Ne7 7. dxe5 dxe5 8. O-O
O-O 9. Ng5 h6 10. Nge4 f5 11. Nd2 c6 12. Nb3 Qc7 13. c5 Nf6 14. e4 Rd8 15. Qc2
Be6 16. f4 fxe4 17. Bxe4 Nxe4 18. Nxe4 Nf5 19. g4 Nd4 20. Nxd4 Rxd4 21. Nd6 Qd7
22. f5 gxf5 23. gxf5 Bf7 24. Be3 Rxd6 25. cxd6 Qxd6 26. Rad1 Bd5 27. Qf2 Rf8
28. Bc5 1-0

[Event "Bul champseniors 2011"]
[Site "?"]
[Date "2011.05.15"]
[Round "3.6"]
[White "Mitov, Borislav"]
[Black "Tsenukov, Angel"]
[Result "1-0"]
[WhiteElo "2101"]
[BlackElo "2056"]
[PlyCount "67"]
[EventDate "2011.05.15"]
[SourceDate "2011.05.15"]

1. c4 g6 2. Nc3 Bg7 3. g3 Nf6 4. Bg2 O-O 5. Nf3 d6 6. O-O Nc6 7. a3 a5 8. Qc2
e5 9. d3 Nh5 10. Rb1 f5 11. b4 axb4 12. axb4 f4 13. b5 Nd4 14. Nxd4 exd4 15.
Nd5 fxg3 16. hxg3 Kh8 17. e3 Nf6 18. exd4 Nxd5 19. Bxd5 Bxd4 20. Bb2 Qf6 21.
Bxd4 Qxd4 22. Rfe1 Ra3 23. Be4 Bf5 24. Rbd1 Bg4 25. Rd2 Bf3 26. Bxf3 Rxf3 27.
Re4 Qf6 28. Kg2 Rf5 29. Rde2 Qc3 30. Qxc3+ Rxc3 31. Re7 Rxd3 32. Rxc7 Re5 33.
Rxe5 dxe5 34. Rxb7 1-0

[Event "Bul champseniors 2011"]
[Site "?"]
[Date "2011.05.15"]
[Round "3.4"]
[White "Arnaudov, Petar"]
[Black "Styanov, Stoyan"]
[Result "1-0"]
[WhiteElo "2189"]
[BlackElo "2096"]
[PlyCount "67"]
[EventDate "2011.05.15"]
[SourceDate "2011.05.15"]

1. e4 c5 2. Nc3 Nc6 3. g3 d6 4. Bg2 Nf6 5. d3 e5 6. f4 Bg4 7. Nce2 Be7 8. h3
Bd7 9. Nf3 Qb6 10. Nd2 Nd4 11. Nc4 Qc7 12. c3 Nxe2 13. Qxe2 b5 14. Ne3 g6 15.
O-O Bc6 16. a4 bxa4 17. Nc4 Nh5 18. Qf2 exf4 19. gxf4 f5 20. e5 d5 21. Ne3 Qd7
22. c4 d4 23. Bxc6 Qxc6 24. Nd5 Rb8 25. Qf3 Qd7 26. e6 Qd6 27. Rxa4 O-O 28.
Rxa7 Bh4 29. Qe2 Rfe8 30. e7 Kf7 31. Qe5 Qxe5 32. fxe5 Bxe7 33. Bg5 Rxb2 34.
Bxe7 1-0

[Event "Bul champseniors 2011"]
[Site "?"]
[Date "2011.05.15"]
[Round "3.8"]
[White "Ribarov, Plamen"]
[Black "Kostov, Nikolay"]
[Result "1-0"]
[WhiteElo "2068"]
[BlackElo "1995"]
[PlyCount "41"]
[EventDate "2011.05.15"]
[SourceDate "2011.05.15"]

1. d4 Nf6 2. Nf3 g6 3. Bg5 Bg7 4. e3 d6 5. c3 c6 6. Nbd2 Qc7 7. Bd3 Nbd7 8. O-O
e5 9. Qc2 O-O 10. a4 a5 11. b4 Re8 12. dxe5 dxe5 13. e4 b6 14. Rfd1 Ba6 15. Nc4
axb4 16. cxb4 Bb7 17. h3 b5 18. Na5 bxa4 19. Rxa4 Ba6 20. Nxc6 Nb8 21. Ncxe5
1-0

[Event "Bul champseniors 2011"]
[Site "?"]
[Date "2011.05.16"]
[Round "4.11"]
[White "Ivanov, Dimitar"]
[Black "Kostov, Nikolay"]
[Result "1-0"]
[WhiteElo "1966"]
[BlackElo "1995"]
[PlyCount "67"]
[EventDate "2011.05.15"]
[SourceDate "2011.05.15"]

1. d4 Nf6 2. e3 c5 3. c3 e6 4. Bd3 d5 5. Nd2 Nc6 6. f4 Bd7 7. Qe2 a6 8. Ngf3
Be7 9. O-O h6 10. Ne5 O-O 11. b3 Be8 12. Bb2 Nd7 13. a4 f5 14. g4 Ndxe5 15.
fxe5 Bg6 16. gxf5 exf5 17. Rf2 Qd7 18. Raf1 Bh4 19. Rg2 Qe6 20. c4 Kh7 21. cxd5
Qxd5 22. Rxg6 Kxg6 23. Qg4+ Kh7 24. Rxf5 Kh8 25. Qxh4 Rxf5 26. Bxf5 Rf8 27. e4
Qf7 28. d5 Nd4 29. Bxd4 cxd4 30. e6 Qc7 31. Nc4 d3 32. e7 Qc5+ 33. Kg2 Re8 34.
d6 1-0

[Event "Bul champseniors 2011"]
[Site "?"]
[Date "2011.05.16"]
[Round "4.6"]
[White "Videnov, Ivan"]
[Black "Anev, Asen"]
[Result "1-0"]
[WhiteElo "2062"]
[BlackElo "2072"]
[PlyCount "103"]
[EventDate "2011.05.15"]
[SourceDate "2011.05.15"]

1. e4 c5 2. Nf3 Nc6 3. d4 cxd4 4. Nxd4 e5 5. Nb5 d6 6. c4 f5 7. N1c3 a6 8. Na3
Be7 9. Bd3 fxe4 10. Nxe4 Nf6 11. Nxf6+ Bxf6 12. Qh5+ g6 13. Qd1 O-O 14. O-O Bg5
15. Nc2 Bxc1 16. Qxc1 Qh4 17. Qe3 Bf5 18. f3 Nd4 19. Nxd4 exd4 20. Qd2 Rae8 21.
Bxf5 Rxf5 22. Rad1 Rfe5 23. g3 Qh3 24. Rf2 Re3 25. b4 d3 26. Rdf1 Qf5 27. g4
Qe5 28. f4 Qd4 29. Kg2 Qe4+ 30. Kg1 d5 31. g5 d4 32. a4 Re1 33. Qxe1 Qxe1 34.
Rxe1 Rxe1+ 35. Kg2 Re2 36. Kf3 Rc2 37. Rf1 Rxh2 38. Ke4 Rb2 39. Kxd4 Rxb4 40.
a5 Ra4 41. Kxd3 Rxa5 42. Rc1 h5 43. Ke4 Ra2 44. Ke5 h4 45. Kf6 Kh7 46. Rd1 h3
47. Rd7+ Kg8 48. Kxg6 Kf8 49. Rh7 h2 50. f5 Rc2 51. f6 Ke8 52. Rh8+ 1-0

[Event "Bul champseniors 2011"]
[Site "?"]
[Date "2011.05.16"]
[Round "4.4"]
[White "Ribarov, Plamen"]
[Black "Arnaudov, Petar"]
[Result "0-1"]
[WhiteElo "2068"]
[BlackElo "2189"]
[PlyCount "62"]
[EventDate "2011.05.15"]
[SourceDate "2011.05.15"]

1. d4 Nf6 2. Nf3 b5 3. Bg5 Ne4 4. Bh4 Bb7 5. e3 a6 6. Bd3 f5 7. O-O g6 8. Nbd2
Nxd2 9. Qxd2 Bg7 10. Rfe1 O-O 11. e4 f4 12. Bg5 c5 13. c3 cxd4 14. cxd4 Nc6 15.
e5 Qb6 16. Be4 e6 17. Bxf4 Ne7 18. Bxb7 Qxb7 19. Bg5 Nd5 20. Be3 Rf5 21. Re2
Rxf3 22. gxf3 Rf8 23. f4 Bh6 24. Rf1 Bxf4 25. Qc2 Rf5 26. Qe4 Qc8 27. Bxf4 Rxf4
28. Qc2 Qd8 29. Kh1 Kg7 30. Rg1 Qh4 31. Qc8 Qh3 0-1

[Event "Bul champseniors 2011"]
[Site "?"]
[Date "2011.05.16"]
[Round "4.2"]
[White "Orev, Petar"]
[Black "Karadimov, Marin"]
[Result "1-0"]
[WhiteElo "2224"]
[BlackElo "2060"]
[PlyCount "63"]
[EventDate "2011.05.15"]
[SourceDate "2011.05.15"]

1. e4 c5 2. c4 Nc6 3. Ne2 Nd4 4. Nxd4 cxd4 5. d3 e6 6. Be2 g6 7. O-O Bg7 8. Nd2
Ne7 9. b4 O-O 10. Nb3 d6 11. Bb2 e5 12. a4 f5 13. Bf3 f4 14. b5 a5 15. c5 b6
16. cxb6 Qxb6 17. Rc1 Be6 18. Bg4 Bf7 19. f3 h5 20. Bh3 g5 21. Ba3 Bf6 22. Nd2
g4 23. fxg4 Rac8 24. gxh5 Rc3 25. Nb1 Rxc1 26. Qg4+ Kh8 27. Rxc1 Qd8 28. Nd2
Ng8 29. Qd7 Be7 30. Qxd8 Rxd8 31. Rc7 Bxh5 32. Be6 1-0

[Event "Bul champseniors 2011"]
[Site "?"]
[Date "2011.05.16"]
[Round "4.3"]
[White "Cholakov, Stefan"]
[Black "Mitov, Borislav"]
[Result "0-1"]
[WhiteElo "2177"]
[BlackElo "2101"]
[PlyCount "100"]
[EventDate "2011.05.15"]
[SourceDate "2011.05.15"]

1. d4 Nf6 2. Nf3 d6 3. c4 Nbd7 4. Nc3 e5 5. e3 Be7 6. Bd3 O-O 7. O-O c6 8. b3
Re8 9. Qc2 Qc7 10. Bb2 Nf8 11. h3 Ng6 12. Rfd1 Bf8 13. Ne4 Nxe4 14. Bxe4 Bd7
15. dxe5 dxe5 16. Bxg6 hxg6 17. Bxe5 Qc8 18. c5 Bf5 19. e4 Be6 20. Bd6 f6 21.
Bxf8 Kxf8 22. Rd6 Kf7 23. Nd4 Bxh3 24. gxh3 Qxh3 25. Qc4+ Kf8 26. Ne6+ Ke7 27.
Nf4 Qg4+ 28. Ng2 Kf8 29. f3 Qh3 30. Kf2 Re5 31. Rad1 Rae8 32. Rd7 R8e7 33. Rxe7
Kxe7 34. Nf4 Qh2+ 35. Ke3 Qg3 36. Qd3 Kf7 37. Qd7+ Kg8 38. Qg4 Rxe4+ 39. Kd3
Qxf4 40. Qxf4 Rxf4 41. Ke3 Rf5 42. Rd7 Rxc5 43. Rxb7 a5 44. Rc7 Rc2 45. Kd4
Rxa2 46. Rxc6 a4 47. b4 a3 48. Ra6 Rb2 49. Rxa3 Rxb4+ 50. Ke3 g5 0-1

[Event "Bul champseniors 2011"]
[Site "?"]
[Date "2011.05.16"]
[Round "4.8"]
[White "Dimitrov, Notyo"]
[Black "Kolev, Velio"]
[Result "0-1"]
[WhiteElo "1791"]
[BlackElo "1936"]
[PlyCount "66"]
[EventDate "2011.05.15"]
[SourceDate "2011.05.15"]

1. d4 Nf6 2. c4 c5 3. d5 b5 4. Qc2 g6 5. e4 d6 6. Nf3 Bg7 7. cxb5 O-O 8. h3 a6
9. Nc3 axb5 10. Bxb5 Ba6 11. Bxa6 Nxa6 12. O-O Nb4 13. Qe2 Qb6 14. Be3 Qa6 15.
Qxa6 Rxa6 16. Ne1 Nd7 17. a3 Raa8 18. Bd2 Ne5 19. Rc1 Na6 20. Na2 Nd7 21. Bc3
Rfb8 22. Nd3 Rb7 23. Rc2 Rab8 24. Re1 Nb6 25. Bxg7 Kxg7 26. Ree2 Na4 27. b4
cxb4 28. Naxb4 Nxb4 29. axb4 Nb6 30. Red2 Nd7 31. h4 Kf6 32. g3 Ne5 33. Nxe5
Kxe5 0-1

[Event "Bul champseniors 2011"]
[Site "?"]
[Date "2011.05.16"]
[Round "4.9"]
[White "Tsenukov, Angel"]
[Black "Mahlev, Atanas"]
[Result "1-0"]
[WhiteElo "2056"]
[BlackElo "1939"]
[PlyCount "59"]
[EventDate "2011.05.15"]
[SourceDate "2011.05.15"]

1. e4 c5 2. Nf3 d6 3. d3 g6 4. g3 Bg7 5. Bg2 Nc6 6. O-O Nf6 7. Re1 Qc7 8. c3
O-O 9. Nbd2 b6 10. Nf1 Bb7 11. Nh4 e6 12. f4 Rfe8 13. g4 Rad8 14. Ng3 Nd7 15.
f5 exf5 16. gxf5 Bf6 17. fxg6 fxg6 18. Nf3 Nde5 19. Ng5 Qe7 20. Nf3 Bc8 21. Bf4
Qf7 22. Rf1 Bg4 23. Qc2 Nxf3+ 24. Bxf3 Bxf3 25. Rxf3 Qg7 26. Raf1 Ne5 27. R3f2
Ng4 28. Rg2 g5 29. Nf5 Qg6 30. Rxg4 1-0

[Event "Bul champseniors 2011"]
[Site "?"]
[Date "2011.05.16"]
[Round "4.13"]
[White "Orev, Bozhidar"]
[Black "Berberyan, Maruke"]
[Result "1/2-1/2"]
[WhiteElo "1910"]
[BlackElo "1583"]
[PlyCount "58"]
[EventDate "2011.05.15"]
[SourceDate "2011.05.15"]

1. e4 d6 2. d4 Nf6 3. Bd3 g6 4. h3 Bg7 5. Be3 c6 6. Nc3 b6 7. Qd2 Ba6 8. g4
Bxd3 9. Qxd3 Nfd7 10. Nge2 a5 11. a4 Na6 12. b3 Nb4 13. Qd2 e5 14. O-O O-O 15.
Ng3 Qh4 16. Kg2 Qe7 17. dxe5 dxe5 18. f3 Rfd8 19. Qf2 c5 20. Rfd1 Nf8 21. Rxd8
Rxd8 22. Rd1 Rxd1 23. Nxd1 Qd8 24. Nb2 Ne6 25. c3 Nc6 26. Qd2 Qxd2+ 27. Bxd2
Nf4+ 28. Bxf4 exf4 29. Ne2 g5 1/2-1/2

[Event "?"]
[Site "?"]
[Date "2011.05.17"]
[Round "5.8"]
[White "Artunov, Kirkor"]
[Black "Ribarov, Plamen"]
[Result "0-1"]
[WhiteElo "2038"]
[BlackElo "2068"]
[PlyCount "42"]
[EventDate "2011.05.18"]
[SourceDate "2011.05.15"]

1. c4 e5 2. Nc3 Nf6 3. b3 Bb4 4. Bb2 O-O 5. g3 Re8 6. Bg2 Nc6 7. e3 Bxc3 8.
Bxc3 d5 9. cxd5 Nxd5 10. Ne2 Bg4 11. h3 Bh5 12. Bb2 Ndb4 13. O-O Qd3 14. g4 Bg6
15. f4 Be4 16. Bxe4 Qxe4 17. fxe5 Nd3 18. Qc2 Rad8 19. Nf4 Ncxe5 20. Bxe5 Qxe5
21. Nxd3 Qg3+ 0-1

[Event "BUL champ seniors 2011"]
[Site "?"]
[Date "2011.05.17"]
[Round "5.5"]
[White "Karadimov, Marin"]
[Black "Popov, Georgi"]
[Result "0-1"]
[WhiteElo "2060"]
[BlackElo "2165"]
[PlyCount "52"]
[EventDate "2011.05.18"]
[SourceDate "2011.05.15"]

1. Nf3 d5 2. d4 Nf6 3. e3 c6 4. Bd3 g6 5. Nbd2 Bg7 6. O-O O-O 7. Ne5 Nbd7 8. f4
Nxe5 9. fxe5 Ng4 10. Nf3 f6 11. exf6 exf6 12. h3 Nh6 13. e4 dxe4 14. Bxe4 Re8
15. Bd3 Qd6 16. Re1 Bd7 17. Be3 Nf5 18. Bf2 Bh6 19. Bc4+ Kg7 20. Qd3 Qf4 21.
Rxe8 Rxe8 22. Re1 Rxe1+ 23. Nxe1 b5 24. Bb3 Qc1 25. g4 Be3 26. Bxe3 Qxe1+ 0-1

[Event "BUL champ seniors 2011"]
[Site "?"]
[Date "2011.05.17"]
[Round "5.4"]
[White "Kolev, Velio"]
[Black "Cholakov, Stefan"]
[Result "0-1"]
[WhiteElo "1936"]
[BlackElo "2177"]
[PlyCount "88"]
[EventDate "2011.05.18"]
[SourceDate "2011.05.15"]

1. e4 c5 2. d3 g6 3. g3 Bg7 4. Bg2 e6 5. f4 Ne7 6. Nf3 d5 7. O-O O-O 8. c3 Nbc6
9. Na3 b6 10. Nc2 Ba6 11. Re1 dxe4 12. dxe4 Qc7 13. Be3 Rad8 14. Qc1 Rd7 15.
Bf1 Bb7 16. Rd1 Rfd8 17. Rxd7 Rxd7 18. Na3 a6 19. Nc4 Nc8 20. Qc2 Nd6 21. Nxd6
Rxd6 22. Rd1 Ne7 23. Rxd6 Qxd6 24. Bg2 Qc6 25. Ne1 Qc7 26. Qd2 Nc8 27. Bf2 Nd6
28. Qd3 e5 29. Be3 c4 30. Qc2 b5 31. g4 Qc8 32. fxe5 Bxe5 33. Bd4 Bxd4+ 34.
cxd4 Qxg4 35. d5 f5 36. h3 Qg3 37. Kf1 Qf4+ 38. Kg1 Nxe4 39. Qd1 Qd6 40. Bxe4
fxe4 41. Qd4 Qxd5 42. Qf6 e3 43. Kf1 Qf5+ 44. Qxf5 gxf5 0-1

[Event "BUL champ seniors 2011"]
[Site "?"]
[Date "2011.05.17"]
[Round "5.6"]
[White "Andreev, Dobrotich"]
[Black "Stoyanov, Stoyan"]
[Result "1-0"]
[WhiteElo "2065"]
[BlackElo "2096"]
[PlyCount "63"]
[EventDate "2011.05.18"]
[SourceDate "2011.05.15"]

1. e4 e6 2. d4 c5 3. Nf3 cxd4 4. Nxd4 Bc5 5. Nb3 Bb6 6. Nc3 Nf6 7. e5 Ng8 8.
Qg4 Kf8 9. Bg5 f6 10. exf6 Nxf6 11. Qf3 d5 12. O-O-O h6 13. Bh4 Qe7 14. Bd3 g5
15. Bg3 Kg7 16. h4 g4 17. Qe2 Nc6 18. h5 e5 19. Bg6 d4 20. Ne4 Nxe4 21. Qxe4
Qg5+ 22. Kb1 Rf8 23. Rhe1 Kf6 24. f4 exf4 25. Bxf4 Qb5 26. Bxh6 Bf5 27. Rf1 Ne7
28. Bg5+ Kxg5 29. Qxe7+ Kh6 30. Qh7+ Kg5 31. Bxf5 Rxf5 32. Qg7+ 1-0

[Event "BUL champ seniors 2011"]
[Site "?"]
[Date "2011.05.17"]
[Round "5.10"]
[White "Nikolov, Savko"]
[Black "Dimitrov, Notyo"]
[Result "1-0"]
[WhiteElo "1920"]
[BlackElo "1791"]
[PlyCount "85"]
[EventDate "2011.05.18"]
[SourceDate "2011.05.15"]

1. d4 Nf6 2. c4 e6 3. Nf3 d5 4. Nc3 Be7 5. cxd5 Nxd5 6. e4 Nb6 7. Bd3 O-O 8.
Be3 N8d7 9. Qc2 Re8 10. O-O-O Nf8 11. h4 Bd7 12. e5 f5 13. exf6 Bxf6 14. Ng5 h6
15. Nce4 Nd5 16. Nxf6+ Qxf6 17. Ne4 Qe7 18. Bd2 a5 19. a3 b5 20. Nc5 Reb8 21.
Rde1 b4 22. a4 b3 23. Qd1 Nb4 24. Qxb3 Nxd3+ 25. Qxd3 Rb6 26. Bc3 Qd6 27. Qe3
Rab8 28. h5 Qd5 29. Qe4 Bc6 30. Qxd5 Bxd5 31. f3 Ra8 32. Re3 Rc6 33. Rhe1 Kf7
34. Nd3 Nd7 35. Nf4 Bb3 36. d5 Rxc3+ 37. Rxc3 Bxd5 38. Nxd5 exd5 39. Rxc7 Rd8
40. Ra7 Kf6 41. Rxa5 Rc8+ 42. Kb1 Nc5 43. Rc1 1-0

[Event "BUL champ seniors 2011"]
[Site "?"]
[Date "2011.05.17"]
[Round "5.9"]
[White "Tsenukov, Angel"]
[Black "Sapareva, Magdalena"]
[Result "1-0"]
[WhiteElo "2056"]
[BlackElo "1677"]
[PlyCount "79"]
[EventDate "2011.05.18"]
[SourceDate "2011.05.15"]

1. b3 d5 2. Bb2 Nc6 3. Nf3 h6 4. e3 e6 5. Bb5 Bd7 6. O-O Nf6 7. d3 Be7 8. Nbd2
a6 9. Bxc6 Bxc6 10. Ne5 O-O 11. f4 Be8 12. Qe2 Nd7 13. Ndf3 f6 14. Ng4 h5 15.
Nf2 f5 16. Kh1 Bf6 17. Ne5 c5 18. c4 Nxe5 19. fxe5 Be7 20. Nh3 g5 21. Rad1 g4
22. Nf4 Qd7 23. d4 Kh7 24. dxc5 Bxc5 25. cxd5 exd5 26. Rxd5 Qe7 27. Rxc5 Qxc5
28. Ne6 Qe7 29. Nxf8+ Qxf8 30. Qd3 Bg6 31. Qd7+ Kg8 32. Rd1 b5 33. e6 Be8 34.
Qd4 Qh6 35. Qd5 Rc8 36. e7+ Bf7 37. Qxf5 Re8 38. Rd8 Qg6 39. Rxe8+ Bxe8 40.
Qf8+ 1-0

[Event "BUL champ seniors 2011"]
[Site "?"]
[Date "2011.05.17"]
[Round "5.7"]
[White "Anev, Asen"]
[Black "Ivanov, Dimitar"]
[Result "1-0"]
[WhiteElo "2072"]
[BlackElo "1966"]
[PlyCount "69"]
[EventDate "2011.05.18"]
[SourceDate "2011.05.15"]

1. d4 d5 2. c4 e6 3. Nf3 Nf6 4. Nc3 c6 5. Bg5 Nbd7 6. e3 Qa5 7. Bxf6 Nxf6 8.
Qc2 Bb4 9. Bd3 dxc4 10. Bxc4 Nd5 11. Rc1 Nxc3 12. bxc3 Ba3 13. Rb1 Be7 14. O-O
O-O 15. Ne5 Bf6 16. f4 g6 17. e4 Bg7 18. Rf3 f6 19. Nd3 b5 20. Bb3 Re8 21. f5
Kh8 22. fxg6 hxg6 23. Rh3+ Kg8 24. Nf4 g5 25. Nh5 Qc7 26. Rf1 Rf8 27. Qf2 a5
28. Rf3 a4 29. Nxf6+ Rxf6 30. Rxf6 Bxf6 31. Qxf6 axb3 32. Qf8+ Kh7 33. Rf7+
Qxf7 34. Qxf7+ Kh6 35. axb3 1-0

[Event "BUL champ seniors 2011"]
[Site "?"]
[Date "2011.05.17"]
[Round "5.13"]
[White "Berberyan, Maruke"]
[Black "Atanasov, Stoyan"]
[Result "0-1"]
[WhiteElo "1583"]
[BlackElo "1865"]
[PlyCount "62"]
[EventDate "2011.05.18"]
[SourceDate "2011.05.15"]

1. d4 Nf6 2. c4 c6 3. Nf3 d5 4. e3 Bg4 5. cxd5 cxd5 6. Be2 e6 7. O-O Be7 8. Nc3
O-O 9. h3 Bh5 10. Ne5 Bxe2 11. Qxe2 Nbd7 12. Nd3 Rc8 13. Bd2 a6 14. a3 Bd6 15.
f4 Nb6 16. b3 Re8 17. Ne5 Qe7 18. b4 Nc4 19. Nxc4 Rxc4 20. Rfc1 Rec8 21. Qd3 g6
22. Na4 R8c6 23. Nc5 Rxc1+ 24. Rxc1 Qc7 25. Qb1 Qc8 26. Nd3 Ne4 27. Rxc6 Qxc6
28. Qc1 Qb5 29. Qc2 Qc4 30. Qxc4 dxc4 31. Ne5 Nxd2 0-1

[Event "BUL champ seniors 2011"]
[Site "?"]
[Date "2011.05.17"]
[Round "5.12"]
[White "Mahlev, Atanas"]
[Black "Orev, Bozhidar"]
[Result "1-0"]
[WhiteElo "1939"]
[BlackElo "1910"]
[PlyCount "69"]
[EventDate "2011.05.18"]
[SourceDate "2011.05.15"]

1. d4 d5 2. Nf3 Bf5 3. e3 Nf6 4. c4 e6 5. Nc3 Be7 6. h3 Nc6 7. a3 O-O 8. Nh4
Bg6 9. Nxg6 hxg6 10. Bd3 b6 11. O-O Re8 12. b3 a6 13. Bb2 Bd6 14. Qe2 Na5 15.
Bc2 Nc6 16. Rfd1 Ne7 17. e4 Nh5 18. e5 Nf4 19. Qd2 c6 20. exd6 Qxd6 21. Ne2 Nh5
22. g4 Nf6 23. Ng3 Red8 24. Qe3 Rac8 25. Rac1 c5 26. dxc5 bxc5 27. Be5 Qd7 28.
g5 Ne8 29. cxd5 exd5 30. Ne4 Qb7 31. Nf6+ gxf6 32. Bxf6 Nxf6 33. gxf6 Nf5 34.
Bxf5 gxf5 35. Qh6 1-0

[Event "BUL champ seniors 2011"]
[Site "?"]
[Date "2011.05.17"]
[Round "5.3"]
[White "Mitov, Borislav"]
[Black "Videnov, Ivan"]
[Result "1/2-1/2"]
[WhiteElo "2101"]
[BlackElo "2062"]
[PlyCount "79"]
[EventDate "2011.05.18"]
[SourceDate "2011.05.15"]

1. c4 c5 2. Nf3 Nf6 3. Nc3 d6 4. g3 g6 5. Bg2 Bg7 6. O-O O-O 7. d3 Nc6 8. Bd2
Rb8 9. Qc1 Re8 10. Bh6 Bh8 11. Bg5 Nd7 12. Rb1 Nf8 13. Nh4 f6 14. Bd2 Bg7 15.
f4 Nd4 16. e3 Nc6 17. Ne2 Bg4 18. Nf3 Qd7 19. Kh1 Bh3 20. Neg1 Bxg2+ 21. Kxg2
b5 22. Ne2 b4 23. d4 Qb7 24. d5 Nd8 25. b3 Nf7 26. Neg1 Qd7 27. Qc2 Nh6 28. h3
f5 29. Rbd1 Nf7 30. Bc1 e5 31. dxe6 Rxe6 32. Rd5 Rbe8 33. Rfd1 Qc6 34. Kf2 Nd7
35. Ng5 Nxg5 36. fxg5 Nb6 37. R5d3 Qh1 38. Kf1 Bf8 39. Qg2 Qxg2+ 40. Kxg2
1/2-1/2

[Event "BUL champ seniors 2011"]
[Site "?"]
[Date "2011.05.17"]
[Round "5.2"]
[White "Arnaudov, Petar"]
[Black "Ljangov, Petar"]
[Result "1-0"]
[WhiteElo "2189"]
[BlackElo "2064"]
[PlyCount "55"]
[EventDate "2011.05.18"]
[SourceDate "2011.05.15"]

1. e4 c5 2. Nc3 d6 3. g3 Nc6 4. Bg2 g6 5. d3 Bg7 6. Be3 e6 7. Qd2 h6 8. Nge2
Nd4 9. Nd1 Ne7 10. O-O Nxe2+ 11. Qxe2 O-O 12. c3 Rb8 13. f4 b5 14. g4 a5 15. a4
b4 16. c4 Bb7 17. Qf2 Nc8 18. d4 cxd4 19. Bxd4 Bxd4 20. Qxd4 Qb6 21. Qxb6 Nxb6
22. b3 Kg7 23. Ne3 Rfd8 24. Rfd1 Rbc8 25. Rd2 Kf8 26. Rad1 Ke7 27. e5 Bxg2 28.
exd6+ 1-0

[Event "BUL champ seniors 2011"]
[Site "?"]
[Date "2011.05.18"]
[Round "6.2"]
[White "Cholakov, Stefan"]
[Black "Vachev, Vladimir"]
[Result "1/2-1/2"]
[WhiteElo "2177"]
[BlackElo "2149"]
[PlyCount "26"]
[EventDate "2011.05.18"]
[SourceDate "2011.05.15"]

1. d4 Nf6 2. Nf3 e6 3. Bg5 h6 4. Bh4 b6 5. e3 Bb7 6. Nbd2 Be7 7. Bd3 d5 8. O-O
O-O 9. Qe2 c5 10. c3 Ne4 11. Bxe7 Qxe7 12. Ne5 Nxd2 13. Qxd2 Ba6 1/2-1/2

[Event "BUL champ seniors 2011"]
[Site "?"]
[Date "2011.05.18"]
[Round "6.1"]
[White "Orev, Petar"]
[Black "Arnaudov, Petar"]
[Result "1/2-1/2"]
[WhiteElo "2224"]
[BlackElo "2189"]
[PlyCount "30"]
[EventDate "2011.05.18"]
[SourceDate "2011.05.15"]

1. e4 d6 2. d4 Nf6 3. Nc3 c6 4. a4 Qa5 5. Bd3 e5 6. Nge2 Na6 7. O-O Nb4 8. Bd2
Qc7 9. Nb5 cxb5 10. Bxb4 bxa4 11. Nc3 a6 12. d5 Be7 13. Rxa4 Rb8 14. Qe2 Nd7
15. Raa1 O-O 1/2-1/2

[Event "BUL champ seniors 2011"]
[Site "?"]
[Date "2011.05.18"]
[Round "6.8"]
[White "Kolev, Velyo"]
[Black "Karadimov, Marin"]
[Result "1/2-1/2"]
[WhiteElo "1936"]
[BlackElo "2060"]
[PlyCount "58"]
[EventDate "2011.05.18"]
[SourceDate "2011.05.15"]

1. e4 d5 2. exd5 Nf6 3. Nf3 Nxd5 4. Be2 g6 5. h3 Bg7 6. O-O O-O 7. c4 Nf4 8. d4
Nxe2+ 9. Qxe2 Nd7 10. Nc3 Re8 11. Bf4 c6 12. Rad1 Qa5 13. Rfe1 Qf5 14. Bg3 Nf6
15. Qd2 Nh5 16. Bh2 Qa5 17. Rc1 Nf6 18. Re2 Be6 19. b3 Rac8 20. Ne5 Qd8 21. Rd1
h6 22. Na4 b6 23. Nc3 Bf5 24. Qe1 Be6 25. Red2 Kh7 26. Ne4 Nxe4 27. Qxe4 Bf5
28. Qe3 f6 29. Nf3 g5 1/2-1/2

[Event "BUL champ seniors 2011"]
[Site "?"]
[Date "2011.05.18"]
[Round "6.6"]
[White "Ribarov, Plamen"]
[Black "Tsenukov, Angel"]
[Result "1-0"]
[WhiteElo "2068"]
[BlackElo "2056"]
[PlyCount "77"]
[EventDate "2011.05.18"]
[SourceDate "2011.05.15"]

1. d4 Nf6 2. Nf3 g6 3. Bg5 Bg7 4. e3 O-O 5. Bd3 h6 6. Bh4 d6 7. Nbd2 Nbd7 8.
O-O c6 9. c3 Re8 10. Qc2 Nf8 11. a4 Nh5 12. Ne1 g5 13. Bg3 e6 14. Nc4 Nxg3 15.
hxg3 f5 16. f4 d5 17. Ne5 Bxe5 18. fxe5 g4 19. Qe2 Qg5 20. Kf2 h5 21. Bc2 Bd7
22. Nd3 h4 23. Nf4 Re7 24. Rh1 Rh7 25. gxh4 Rxh4 26. Rxh4 Qxh4+ 27. g3 Qh2+ 28.
Ng2 Ng6 29. Rg1 a6 30. Qe1 Qh6 31. Rh1 Qg5 32. Nf4 Kf7 33. Nh5 Rh8 34. Nf6 Rxh1
35. Qxh1 Nf8 36. Nxd7 Nxd7 37. Qh7+ Qg7 38. Bxf5 exf5 39. e6+ 1-0

[Event "BUL champ seniors 2011"]
[Site "?"]
[Date "2011.05.18"]
[Round "6.12"]
[White "Kostov, Nikolay"]
[Black "Dimitrov, Notyo"]
[Result "1-0"]
[WhiteElo "1995"]
[BlackElo "1791"]
[PlyCount "77"]
[EventDate "2011.05.18"]
[SourceDate "2011.05.15"]

1. d4 Nf6 2. c4 e6 3. Nf3 d5 4. a3 dxc4 5. Qa4+ c6 6. Qxc4 Qd5 7. Qc2 Be7 8.
Nc3 Qd8 9. e4 Nbd7 10. Bf4 Nh5 11. Be3 Ndf6 12. h3 g6 13. g4 Ng7 14. Be2 Nd7
15. Bf4 Nb6 16. h4 h5 17. g5 Bd6 18. Be3 Qe7 19. O-O-O Bd7 20. Kb1 c5 21. Nb5
c4 22. Nxd6+ Qxd6 23. Qd2 Ba4 24. Rc1 Bb3 25. Bf4 Qd8 26. Qb4 a5 27. Qb5+ Kf8
28. Be5 Kg8 29. Bd1 Bxd1 30. Rhxd1 Kh7 31. Bf6 Qd6 32. Ne5 Rhf8 33. Nxc4 Nxc4
34. Rxc4 Qf4 35. Qe5 Qf3 36. Rd2 Ne8 37. Be7 Rg8 38. d5 exd5 39. exd5 1-0

[Event "BUL champ seniors 2011"]
[Site "?"]
[Date "2011.05.18"]
[Round "6.11"]
[White "Ivanov, Dimitar"]
[Black "Atanasov, Stoyan"]
[Result "1/2-1/2"]
[WhiteElo "1966"]
[BlackElo "1865"]
[PlyCount "47"]
[EventDate "2011.05.18"]
[SourceDate "2011.05.15"]

1. d4 Nf6 2. e3 d5 3. Bd3 Bg4 4. Ne2 e6 5. Nd2 c5 6. c3 Bd6 7. h3 Bh5 8. Qa4+
Nbd7 9. dxc5 Bxc5 10. Nf4 Bg6 11. Nxg6 hxg6 12. Nf3 Bd6 13. O-O O-O 14. Qh4 Ne5
15. Be2 Ne4 16. Qxd8 Rfxd8 17. Nd2 Nc5 18. Nf3 Nxf3+ 19. gxf3 Rac8 20. Rd1 Bf8
21. f4 a6 22. f3 f6 23. Bd2 Kf7 24. Be1 1/2-1/2